000 04406nam a2200433 a 4500
003 CHAP
005 20250701180646.0
007 ta
008 250701s2024 mx abdofr|||| 001 0 spa d
040 _amxchpua
_cCHAP
_erda
041 _aspa
_bspa
_fspa
_hspa
050 1 0 _aHV6322.3M49
_b.I54 2024
082 0 0 _220
_aC 345.05297273
_bI54 2024
245 1 4 _a3er Informe de la Presidencia de la Comisión para la Verdad y Acceso a la Justicia del caso de Ayotzinapa /
_cComisión de la Verdad y Acceso a la Justicia del Caso Ayotzinapa
250 _a1a edición
264 _aMéxico :
_bGobierno de México. Secretaría de Gobernación,
_c2024
300 _a6 volúmenes :
_bilustraciones, gráficas, diagramas, tablas, fotos
336 _2rdacontent
_atexto
_btxt
337 _2rdamedia
_asin medio
_bn
338 _2rdacarrier
_avolumen
_bnc
500 _aContiene un ejemplar del Informe y 5 ejemplares de Anexos
505 0 _aINFORME -- Introducción -- 1. Búsqueda en campo -- 2. Procesos de identificación humana -- 3. Verdad y justicia -- 4. Extradiciones -- 5. Ruptura del pacto de lealtad criminal -- 6. Impacto de la sentencia 203-2017 -- 7. Folios CRFI -- 8. Sesiones de trabajo -- Conclusión
505 0 _aANEXO 1: reuniones de trabajo de la Comisión para la Verdad y Acceso a la Justicia del caso Ayotzinapa -- Introducción -- 1. Reuniones de trabajo de la CoVAJ -- 2. Reunión del 15 de diciembre 2023 -- 3. Reunión del 3 de enero 2024 -- 4. Reunión del 11 de enero 2024 -- 5. Reunión del 26 de enero 2024 -- 6. Reunión del 7 de febereo 2024 -- 7. Reunión del 3 de junio 2024 -- 8. Reunión del 3 de julio 2024 -- 9. Reunión del 29 de julio 2024 -- 10. Reunión del 27 de agosto 2024
505 0 _aANEXO 2: Fichas y bitácoras de búsqueda, hallazgos e identificación genética -- Introducción -- 1. Fichas y bitácoras de búsqueda, hallazgos e identificación genética 2023 -- 2. Fichas y bitácoras de búsqueda, hallazgos e identificación genética 2024 -- 3. Presentaciones bitácoras de búsqueda, hallazgos e identificación genética 2023 -- 4. Presentaciones bitácoras de búsqueda, hallazgos e identificación genética 2024 -- 5. Diligencia ministerial 1a inspección 2024 -- 6. Diligencia ministerial 2a inspección 2024
505 0 _aANEXO 3: Reportes diarios de búsqueda en campo -- Introducción -- 1. Reportes diarios de búsqueda 2023 -- 2. Reportes diarios de búsqueda 2024
505 0 _aANEXO 4: Reportes diarios de búsqueda en campo 2 --
505 0 _aANEXO 5: Atención y acompañamiento a víctimas -- Introducción -- 1. Víctimas reconocidas en el caso -- 2. Acciones contempladas en el Plan de Atención y Reparación -- Anexo
520 2 _aEste informe tiene como objetivo comunicar a las madres y padres de los 43 estudiantes desaparecidos en Iguala, Guerrero, en los trágicos hechos del 26 y 27 de septiembre de 2014, así como al pueblo de México, los avances para encontrarlos. Además, se detallan las acciones encaminadas para llegar a la verdad, castigar a los responsables y, con ello, lograr justicia. El informe se enfoca en las acciones realizadas por el Gobierno de México, a través de la Comisión para la Verdad y Acceso a la Justicia del Caso Ayotzinapa (CoVAJ), en cinco ejes fundamentales: (1) búsqueda en campo, (2) identificación genética, (3) verdad y justicia, (4) extradiciones y (S) ruptura del pacto de lealtad criminal. También se analiza el impacto de la sentencia del Tribunal Colegiado de Tamaulipas y lo relativo a la petición de las madres y padres en torno a los denominados folios CRFI. 
650 1 2 _aInvestigación criminal
_zAyotzinapa
_zGuerrero
_zIguala
_2atg
_9136920
650 1 3 _aDesaparición de personas
_zGuerrero
_2atg
_9190746
650 1 3 _aEstudiantes
_xCrimenes contra
_2atg
_zMéxico
_zGuerrero
_938489
_ySiglo XX
650 1 7 _aViolencia
_xHistoria
_2atg
_zMéxico
_zGuerreo
_9119891
_ySiglo XX
650 1 3 _aCriminal investigation
_zAyotzinapa
_zGuerrero
_zIguala
_2atg
_9190745
650 1 3 _aDisappeared persons
_zGuerrero
_2atg
_9190748
650 1 3 _aCollege students
_xCrimes against
_zMexico
_zGuerrero
_2atg
_9160991
_ySiglo XX
650 1 3 _aViolence
_xHistory
_zMexico
_zGuerrero
_2atg
_9190749
_y21st century
710 1 _aMéxico. Secretaría de Gobernación
_977180
_bComisión para la Verdad y Acceso a la Justicia del caso Ayotzinapa
942 _2ddc
_cLIBRO
999 _c220719
_d220719